00890pam 2200277 a 4500001000800000005001700008008004100025035002100066906004500087010001700132020001500149020002200164040001800186050002600204082001700230100002400247245007300271250001200344260005300356300002600409500002000435650003400455700003100489991006500520099002700585149180019880729091835.0880303s1988 nju 001 0 eng  9(DLC) 88005934 a7bcbccorignewd1eocipf19gy-gencatlg a 88005934  a0131103709 a0131103628 (pbk.) aDLCcDLCdDLC00aQA76.73.C15bK47 198800a005.13/32191 aKernighan, Brian W.14aThe C programming language /cBrian W. Kernighan, Dennis M. Ritchie. a2nd ed. aEnglewood Cliffs, N.J. :bPrentice Hall,cc1988. axii, 272 p. ;c25 cm. aIncludes index. 0aC (Computer program language)1 aRitchie, Dennis M.,d1941- bc-GenCollhQA76.73.C15iK47 1988p00001105991tCopy 1wBOOKS akernighan-c-1072113658